000 00206 a2200085 4500
020 _a9783038603474
100 _aALICE DUBET
245 _aABC: SCHOOLS OF THE FUTURE. BEST DESIGN PRACTICES
260 _bPARK BOOKS
999 _c13063
_d13063